00612nam a2200217Ia 4500003000900000008004100009040001300050040001300063041000800076100001700084245003300101250001200134260000800146260000900154300000800163490001300171490000700184942000700191999001300198952018300211IT-RoPAU120407s9999 xx 000 0 und d aIT-RoPAU cIT-RoPAU aita aLuise Risner aIl capro espiatorio. Romanzo aTorino  aSas c1957 c cm aUniversa v25 cBK c401d401 00102ddc406808_17250000000000071aPAULUSbPAULUSd2012-04-11l0o808.1725r2012-04-11 00:00:00w2012-04-11yBKzInserito da: In data: n.d. fondo: Via A.Severo 56 Progr:11943